| 000 | 00339nam a2200121Ia 4500 | ||
|---|---|---|---|
| 008 | 210430s9999 xx 000 0 und d | ||
| 082 | _a954.91 K451 G | ||
| 100 |
_aGohar Ayub Khan _99642 |
||
| 245 |
_aGlimpses into The Corridors of Power _cGohar Ayub Khan |
||
| 260 |
_aPakistan _bAmeena Saiyid _c2008 |
||
| 300 | _a354p | ||
| 942 |
_cBK _2ddc |
||
| 999 |
_c563852 _d563852 |
||